<?xml version="1.0" encoding="UTF-8"?>
<record
    xmlns:xsi="http://www.w3.org/2001/XMLSchema-instance"
    xsi:schemaLocation="http://www.loc.gov/MARC21/slim http://www.loc.gov/standards/marcxml/schema/MARC21slim.xsd"
    xmlns="http://www.loc.gov/MARC21/slim">

  <leader>01148nam a2200265 i 4500</leader>
  <controlfield tag="001">189407</controlfield>
  <controlfield tag="003">ES-MaACL</controlfield>
  <controlfield tag="005">20250728142445.0</controlfield>
  <controlfield tag="008">190530q2019    sp a     c   |||| | eng d</controlfield>
  <datafield tag="245" ind1="0" ind2="0">
    <subfield code="a">Trevisan International Art : </subfield>
    <subfield code="b">exposici&#xF3;n de arte internacional : 4.11-14.11.2018 : Sala Prado y Espacio Prado, Ateneo de Madrid / </subfield>
    <subfield code="c">comisariada por Paola Trevisan y Rosa Mascarell Dauder.</subfield>
  </datafield>
  <datafield tag="260" ind1=" " ind2=" ">
    <subfield code="a">[Madrid ; </subfield>
    <subfield code="a">Roma : </subfield>
    <subfield code="b">Trevisan International Art, </subfield>
    <subfield code="c">2019]</subfield>
  </datafield>
  <datafield tag="300" ind1=" " ind2=" ">
    <subfield code="a">143 p. : </subfield>
    <subfield code="b">principalmente il. col. ; </subfield>
    <subfield code="c">21 x 21 cm.</subfield>
  </datafield>
  <datafield tag="546" ind1=" " ind2=" ">
    <subfield code="a">Introducci&#xF3;n en espa&#xF1;ol e ingl&#xE9;s; texto en ingl&#xE9;s.</subfield>
  </datafield>
  <datafield tag="610" ind1="2" ind2="4">
    <subfield code="a">Ateneo de Madrid-</subfield>
    <subfield code="v">Exposiciones-</subfield>
    <subfield code="y">2010-2019.</subfield>
    <subfield code="9">144911</subfield>
  </datafield>
  <datafield tag="650" ind1=" " ind2="4">
    <subfield code="a">Arte-</subfield>
    <subfield code="y">S.XXI-</subfield>
    <subfield code="v">Exposiciones.</subfield>
    <subfield code="9">167167</subfield>
  </datafield>
  <datafield tag="655" ind1=" " ind2="7">
    <subfield code="2">tgfbne</subfield>
    <subfield code="9">193628</subfield>
    <subfield code="a">Cat&#xE1;logos de exposiciones</subfield>
  </datafield>
  <datafield tag="700" ind1="1" ind2=" ">
    <subfield code="a">Trevisan, Paola.</subfield>
    <subfield code="9">167163</subfield>
  </datafield>
  <datafield tag="700" ind1="1" ind2=" ">
    <subfield code="a">Mascarell Dauder, Rosa, </subfield>
    <subfield code="d">1963-</subfield>
    <subfield code="9">167164</subfield>
  </datafield>
  <datafield tag="710" ind1="2" ind2=" ">
    <subfield code="a">Ateneo de Madrid. </subfield>
    <subfield code="b">Sala de Exposiciones de Prado 19.</subfield>
    <subfield code="9">148678</subfield>
  </datafield>
  <datafield tag="710" ind1="2" ind2=" ">
    <subfield code="a">Ateneo de Madrid. </subfield>
    <subfield code="b">Espacio Prado.</subfield>
    <subfield code="9">148677</subfield>
  </datafield>
  <datafield tag="710" ind1="2" ind2=" ">
    <subfield code="a">Trevisan International Art.</subfield>
    <subfield code="9">173376</subfield>
  </datafield>
  <datafield tag="852" ind1=" " ind2=" ">
    <subfield code="a">ES-MaACL</subfield>
    <subfield code="j">L-32411</subfield>
  </datafield>
  <datafield tag="942" ind1=" " ind2=" ">
    <subfield code="2">udc</subfield>
  </datafield>
  <datafield tag="999" ind1=" " ind2=" ">
    <subfield code="c">189407</subfield>
    <subfield code="d">189407</subfield>
  </datafield>
  <datafield tag="952" ind1=" " ind2=" ">
    <subfield code="0">0</subfield>
    <subfield code="1">0</subfield>
    <subfield code="2">udc</subfield>
    <subfield code="4">0</subfield>
    <subfield code="7">0</subfield>
    <subfield code="8">Coleccion_de_catalogos_de_exposiciones</subfield>
    <subfield code="a">ATENEOM</subfield>
    <subfield code="b">ATENEOM</subfield>
    <subfield code="c">DEPO2</subfield>
    <subfield code="d">2019-05-30</subfield>
    <subfield code="l">0</subfield>
    <subfield code="o">L-32411</subfield>
    <subfield code="p">1200682</subfield>
    <subfield code="r">2023-02-23 00:00:00</subfield>
    <subfield code="w">2023-02-23</subfield>
    <subfield code="y">MONOGRAFIA</subfield>
  </datafield>
</record>
